000 00343nam a2200169Ia 4500
003 0STCL
008 150530s9999 xx 000 0 und d
040 _aSTCL
_cSTCL
100 _aVallathol
245 _aSahitya Manjeri
260 _c0
300 _a0
546 _aHindi
942 _2ddc
_cBK
999 _c47187
_d47187
005 20220125170721.0